Sports Quiz

Random Sports or WWE Quiz

WWE Champions Quiz Stats

 Plays Quiz Updated Apr 15, 2019

Score 0/51 Timer 08:00
1 Play Today
Champion % Correct
John Cena
89.3%
Triple H
88.7%
Undertaker
87.1%
Hulk Hogan
86.3%
Rock
85.9%
Stone Cold Steve Austin
82.6%
Roman Reigns
80.4%
Randy Orton
79.6%
Kane
79.3%
Shawn Michaels
79%
Kofi Kingston
77.6%
Dean Ambrose
77.3%
Seth Rollins
77.1%
A.J. Styles
75%
Edge
74.1%
Randy Savage
73.1%
Big Show
72.6%
Bret Hart
71.6%
Ric Flair
69.7%
Jinder Mahal
68.1%
Andre the Giant
66.6%
Daniel Bryan
66.4%
Brock Lesnar
65.9%
Mankind
64.7%
Chris Jericho
64.6%
Bray Wyatt
63.5%
Champion % Correct
Kurt Angle
62.6%
Ultimate Warrior
61.7%
Batista
59.6%
Diesel
57%
Vince McMahon
55.8%
Jeff Hardy
55.6%
Eddie Guerrero
54.6%
Yokozuna
54%
CM Punk
53.1%
JBL
51.5%
Bruno Sammartino
50.2%
The Miz
48.3%
Sheamus
47.5%
Rey Mysterio
47.3%
Bob Backlund
46.3%
Iron Sheik
45.2%
Sgt. Slaughter
43.2%
Rob Van Dam
42.7%
Sid
42.2%
Alberto Del Rio
42%
Buddy Rogers
37%
Pedro Morales
32.4%
Superstar Billy Graham
30.6%
Ivan Koloff
28.1%
Stan Stasiak
25.5%

You're not logged in!

Compare scores with friends on all Sporcle quizzes.
OR
Log In

Sporcle TV

Today on Sporcle TV


Watch our educational content, quiz creation guides, and fun videos on Sporcle TV.

Show Comments

Extras

Top Quizzes Today


Score Distribution

Your Account Isn't Verified!

In order to create a playlist on Sporcle, you need to verify the email address you used during registration. Go to your Sporcle Settings to finish the process.

Report this User

Report this user for behavior that violates our Community Guidelines.

Details: